| 000 | 00493nam a22001817a 4500 | ||
|---|---|---|---|
| 005 | 20240723141327.0 | ||
| 008 | 240723b |||||||| |||| 00| 0 eng d | ||
| 020 | _a9780073220789 | ||
| 082 |
_a604.2 _bBER-F |
||
| 100 | _aBertoline, Gary R. | ||
| 245 |
_aFundamentals of Graphics Communication / _cEric N.Wiebe |
||
| 260 |
_ausa: _bwiley; _c2007 |
||
| 300 |
_axiv, 680p. : _bill; _c27 cm. |
||
| 500 | _ainclude index. | ||
| 650 | _aGraphic design | ||
| 700 | _aEric N.Wiebe | ||
| 999 |
_c36196 _d36196 |
||